Statistics for Карта Европы во время Холодной войны

Click here to take the quiz!

General Stats

  • This quiz has been taken 3 587 times
  • The average score is 29 of 32

Answers on the Map

Answers color-coded by a green-red scale on the quiz's map according to % correct below.
 

Answer Stats

Страна% Correct
СССР
98%
Финляндия
97%
Польша
97%
Норвегия
97%
Франция
97%
Швеция
97%
Италия
97%
Испания
97%
Великобритания
96%
Португалия
96%
Швейцария
95%
Греция
94%
Дания
94%
Ирландия
94%
Румыния
93%
Исландия
92%
Нидерланды
92%
Бельгия
92%
Австрия
92%
Венгрия
91%
Болгария
91%
Ватикан
90%
Чехословакия
90%
Люксембург
90%
Албания
87%
Монако
87%
Сан-Марино
86%
Лихтенштейн
86%
Югославия
86%
Андорра
85%
Германская Демократическая Республика
78%
Федеративная Республика Германия
77%

Score Distribution

Percentile by Number Answered

Percent of People with Each Score

Your Score History

You have not taken this quiz